Kangchenjunga (Record no. 61210)

MARC details
000 -LEADER
campo de control de longitud fija 00661nam a2200217 i 4500
001 - NÚMERO DE CONTROL
campo de control 61210
003 - IDENTIFICADOR DE NÚMERO DE CONTROL
campo de control ES-MaACL
005 - FECHA Y HORA DE LA ÚLTIMA TRANSACCIÓN
campo de control 20230906164411.0
007 - CAMPO FIJO DE DESCRIPCIÓN FÍSICA--INFORMACIÓN GENERAL
campo de control de longitud fija t|
008 - DATOS DE LONGITUD FIJA--INFORMACIÓN GENERAL
campo de control de longitud fija 031111s1958 sp ||||1| spa d
100 1# - ENTRADA PRINCIPAL--NOMBRE DE PERSONA
Nombre de persona Evans, Charles.
9 (RLIN) 48351
245 10 - MENCIÓN DEL TÍTULO
Título Kangchenjunga
Resto del título : el pico no hollado /
Mención de responsabilidad, etc. Charles Evans ; [traducción de Francisco Maclennan Aguirre].
250 ## - MENCION DE EDICION
Mención de edición [1ª ed.].
260 ## - PUBLICACIÓN, DISTRIBUCIÓN, ETC.
Lugar de publicación, distribución, etc. Barcelona :
Nombre del editor, distribuidor, etc. Juventud,
Fecha de publicación, distribución, etc. 1958 (
Fabricante Atenas)
300 ## - DESCRIPCIÓN FÍSICA
Extensión 223 p., 8 lám. ;
Dimensiones 22 cm.
490 1# - MENCIÓN DE SERIE
Mención de serie Edelweix
700 1# - ENTRADA AGREGADA--NOMBRE PERSONAL
Nombre de persona Maclennan Aguirre, Francisco.
9 (RLIN) 75263
830 0# - PUNTO DE ACCESO ADICIONAL DE SERIE-TÍTULO UNIFORME
Título uniforme Edelweix
9 (RLIN) 182829
852 ## - LOCALIZACIÓN
Ubicación ES-MaACL
Número de control de estantería C-15822
Sublocalización o colección R.43896
Holdings
Estatus retirado Estado de pérdida Estado de daño No para préstamo Biblioteca de origen Biblioteca actual Ubicación en estantería Fecha de adquisición Fuente de adquisición Total de préstamos Signatura topográfica completa Código de barras Visto por última vez Precio de reemplazo Tipo de ítem Koha
        Biblioteca del Ateneo de Madrid Biblioteca del Ateneo de Madrid Ficheros 17/01/2008     C-15822 1064187 23/02/2023 23/02/2023 Libro impreso